Features on Kanye West Albums - Statistics

General Stats
  • This quiz has been taken 9 times
  • The average score is 99 of 207
Answer Stats
Hint Answer % Correct
Diamonds from sierraleone | Jail | Monster | +2 others Jay-Z
100%
Dark Fantasy | Monster Nicki Minaj
100%
All of the lights | Famous Rihanna
100%
Lost in the world | Monster Bon Iver
86%
All of the lights Drake
86%
Blame Game John Legend
86%
No more parties in LA Kendrick Lamar
86%
All of the lights | Father stretch my handspt. 1 | Ghost Town | +4 others Kid Cudi
86%
Feel the love | Life of the party | Runaway | So Appalled Pusha T
86%
Devil in a new dress | Monster Rick Ross
86%
Everything we need | Fade | Freeee | +2 others Ty Dolla $ign
86%
Ghost Town | Sky City | Violent Crimes 070 Shake
71%
Life of the party Andre 3000
71%
Ultralight Beam Chance the rapper
71%
Frank's Track | Made in America | New Slaves | No church in the wild Frank Ocean
71%
Gold digger | Slow Jamz Jamie Foxx
71%
Barry Bonds | Lifestyle | See you in my nightmares Lil Wayne
71%
Touch the sky Lupe fiasco
71%
Drunk and hot girls | Good Night | Two words Mos Def
71%
Ghost Town | Wouldn't leave PartyNextDoor
71%
Gorgeous Raekwon
71%
Slow Jamz Twista
71%
Kids See Ghosts Yasiin Bey
71%
Heard 'em say Adam levine
57%
Praise God | We Did It Baby Keem
57%
LiftOff Beyonce
57%
Hold my liquor Chief Keef
57%
Homecoming Chris martin
57%
Get em high | My Way Home Common
57%
Jail pt 2 | Security DaBaby
57%
Happy | Keep the flowers | Mr Miyagi | +2 others Future
57%
Forever Rolling Lil Baby
57%
Hurricane Lil baby
57%
Breathe in breathe out Ludacris
57%
Paranoid | Why I love you Mr Hudson
57%
Bomb | Talking North West
57%
Wolves Sia
57%
All falls down | Donda chant Syleena Johnson
57%
Crack music The Game
57%
FML | Hurricane The Weeknd
57%
Bomb Yuno Miles
57%
City of God Alicia Keys
43%
Bring me down Brandy
43%
Bully CeeLo Green
43%
Bound 2 Charlie wilson
43%
Bomb Chicago West
43%
Use this gospel Clipse
43%
Freestyle 4 | Pt. 2 | Sky City Desiigner
43%
Broken Road | Circles | City of Chi | +2 others Don Toliver
43%
Flashing lights Dwele
43%
City of God | Off the grid | Ok Ok Fivio Foreign
43%
Two words Freeway
43%
Drive slow | Spaceship GLC
43%
Louie Bags Jack Harlow
43%
Never let me down J. Ivy
43%
We Major Nas
43%
Drive slow Paul wall
43%
Carnival | Field Trip | Fuk Sumn | +4 others Playboi Carti
43%
Carnival Rich the kid
43%
So Appalled RZA
43%
Highlights | No church in the wild | Ultralight Beam The-Dream
43%
Good Life T-Pain
43%
Father | Fuk Sumn | Pablo | Praise God Travis Scott
43%
Come to life Tyler, the creator
43%
True Love XXXTENTACION
43%
Highlights | Remote control | River Young Thug
43%
Good Night Al be back
29%
All the love | White lines Andre Troutman
29%
Everything we need | Water Ant clemons
29%
Beg Forgiveness | Waves Chris Brown
29%
Gone | Spaceship Consequence
29%
Back to me Freddie Gibbs
29%
First time in a long time Gunna
29%
Jesus Lord | Jesus lord pt 2 Jay Electronica
29%
Hold my liquor | I am a God | I'm in it Justin Vernon
29%
Send it up King L
29%
Field Trip Kodak Black
29%
Dead | Jonah | Vultures Lil Durk
29%
4th Dimension Louis Prima
29%
Jail pt 2 | Pablo Marilyn Manson
29%
Mama's Favorite | This a must Nine Vicious
29%
Otis Otis Redding
29%
Last breath Peso Pluma
29%
Tell the vision Pop smoke
29%
Fade Post Malone
29%
Back to me | Paperwork | We Did It Quavo
29%
Pure souls Roddy Richh
29%
Saint Pablo Sampha
29%
Burn Everything | Scifi Sean Leon
29%
First time in a long time Soulja Boy
29%
Up from the ashes Sunday Service choir
29%
Every Hour Sunday Service Choir
29%
So Appalled Swizz Beatz
29%
God breathed | Jesse | Jonah | No child left behind Vory
29%
Amazing Young Jeezy
29%
I'm in it Assassin
14%
Vultures Bump J
14%
Gone Cam'ron
14%
Keep my spirit alive | Keep my spirit alive pt 2 Conway the machine
14%
Keys to my life | So Appalled CyHi
14%
Hands on Fred Hammond
14%
Keys to my life India Love
14%
Keep my spirit alive pt 2 KayCyy
14%
Ultralight Beam Kelly Price
14%
Use this gospel Kenny G
14%
Ultralight Beam Kirk franklin
14%
Believe what I say Lauryn Hill
14%
Ok Ok Lil Yachty
14%
Do it Nipsey Hussle
14%
We Did It Offset
14%
We Major Really Doe
14%
Ok Ok pt 2 | Pure souls Shenseea
14%
Get em high Talib Kweli
14%
Two words The boys choir of harlem
14%
Wolves VIC MENSA
14%
Keep my spirit alive | Keep my spirit alive pt 2 Westside Gunn
14%
The Joy Curtis Mayfield
0%
Good (don't die) J. Rey Soul
0%
Siiiiiiiiilver Surffffeeeeer Intermission Max B
0%
Ok Ok Rooga
0%
Do it YG
0%
No matching quizzes found
Score Distribution
Percent of People with Each Score
Percentile by Number Answered
Your Score History
You have not taken this quiz